S.Chand's IBPS regional rural banking : (Record no. 102938)

MARC details
000 -LEADER
fixed length control field 00657nam a22001937a 4500
005 - DATE AND TIME OF LATEST TRANSACTION
control field 20230502124947.0
010 ## - LCCN (DPL NO)
LC control number ENG-115882
020 ## - INTERNATIONAL STANDARD BOOK NUMBER
International Standard Book Number 9789385676062
Terms of availability 345.00
035 ## - SYSTEM CONTROL NUMBER
System control number EN-99414
037 ## - SOURCE OF ACQUISITION
Source of stock number/acquisition DBAD/PUB
082 ## - DEWEY DECIMAL CLASSIFICATION NUMBER
Classification number 000
245 ## - TITLE STATEMENT
Title S.Chand's IBPS regional rural banking :
Remainder of title office assistant (Multipurpose) & office Scale /
Statement of responsibility, etc Created and compiled by KJS Khurana [and] Rajeev Markanday
260 ## - PUBLICATION, DISTRIBUTION, ETC. (IMPRINT)
Place of publication, distribution, etc New Delhi
Name of publisher, distributor, etc S.Chand & Company
Date of publication, distribution, etc 2016
270 ## - ADDRESS
Address 7361,Ram Nagar
City New Delhi
Postal code 110055
300 ## - PHYSICAL DESCRIPTION
Extent Various Pagings. :
Dimensions 24cm(pbk)
Other physical details ill
700 ## - ADDED ENTRY--PERSONAL NAME
Personal name Khurana,KJS
700 ## - ADDED ENTRY--PERSONAL NAME
Personal name Markanday,Rajeev
942 ## - ADDED ENTRY ELEMENTS (KOHA)
Source of classification or shelving scheme Dewey Decimal Classification
Item type English Books
Classification part 000
Call number suffix CHA
Holdings
Withdrawn status Lost status Not for loan Collection code Home library Current library Date acquired Source of acquisition Cost, normal purchase price Full call number Barcode Copy number Cost, replacement price Koha item type
      Non-fiction Patel Nagar Patel Nagar 31/08/2016 DBAD/PUB 345.00 000 CHA EN-99414 1 345.00 English Books

© Delhi Public Library
Hit Counter
free hit counter